000 00505nam a2200121 4500
999 _c11204
_d11204
008 181017b ||||| |||| 00| 0 eng d
082 _aDPer 959.9048 P53p May 2013- April 2014 v. 22-23
245 _aForeign relations:
_bMalaysia-Philippine shared and inextricable history of respects and friendship.
260 _aSan Miguel, Manila :
_bOP-Bureau of Communications Services,
_ccMay 2013-cApr 2014.
300 _av23 n1, pages 75-77;
_c23 cm.
650 0 _932269
_aInternational relation.
942 _2ddc
_cPER